Can you name every fairy type Pokémon? Version I - Statistics

General Stats
  • This quiz has been taken 31 times
    30 since last reset
  • The average score is 57 of 80
Answer Stats
Pokédex Number Types Pokémon % Correct
#036 Fairy Clefable
91%
#035 Fairy Clefairy
91%
#039 Normal/Fairy Jigglypuff
87%
#122 Psychic/Fairy Mr. Mime
87%
#743 Bug/Fairy Ribombee
87%
#040 Normal/Fairy Wigglytuff
87%
#282 Psychic/Fairy Gardevoir
83%
#282 Psychic/Fairy Mega Gardevoir
83%
#700 Fairy Sylveon
83%
#175 Fairy Togepi
83%
#184 Water/Fairy Azumarill
78%
#173 Fairy Cleffa
78%
#742 Bug/Fairy Cutiefly
78%
#702 Electric/Fairy Dedenne
78%
#719 Rock/Fairy Diancie
78%
#861 Dark/Fairy Grimmsnarl
78%
#174 Normal/Fairy Igglybuff
78%
#281 Psychic/Fairy Kirlia
78%
#183 Water/Fairy Marill
78%
#303 Steel/Fairy Mawile
78%
#719 Rock/Fairy Mega Diancie
78%
#303 Steel/Fairy Mega Mawile
78%
#280 Psychic/Fairy Ralts
78%
#468 Fairy/Flying Togekiss
78%
#176 Fairy Togetic
78%
#038 Ice/Fairy Alolan Ninetales
74%
#703 Rock/Fairy Carbink
74%
#671 Fairy Florges (Blue Flower)
74%
#671 Fairy Florges (Orange Flower)
74%
#671 Fairy Florges (Red Flower)
74%
#671 Fairy Florges (White Flower)
74%
#671 Fairy Florges (Yellow Flower)
74%
#110 Poison/Fairy Galarian Weezing
74%
#210 Fairy Granbull
74%
#859 Dark/Fairy Impidimp
74%
#334 Dragon/Fairy Mega Altaria
74%
#439 Psychic/Fairy Mime Jr.
74%
#730 Water/Fairy Primarina
74%
#209 Fairy Snubbull
74%
#787 Grass/Fairy Tapu Bulu
74%
#788 Water/Fairy Tapu Fini
74%
#785 Electric/Fairy Tapu Koko
74%
#786 Psychic/Fairy Tapu Lele
74%
#716 Fairy Xerneas (Active Mode)
74%
#716 Fairy Xerneas (Neutral Mode)
74%
#683 Fairy Aromatisse
70%
#669 Fairy Flabébé (Blue Flower)
70%
#669 Fairy Flabébé (Orange Flower)
70%
#669 Fairy Flabébé (Red Flower)
70%
#669 Fairy Flabébé (White Flower)
70%
#669 Fairy Flabébé (Yellow Flower)
70%
#707 Steel/Fairy Klefki
70%
#778 Ghost/Fairy Mimikyu (Busted Form)
70%
#778 Ghost/Fairy Mimikyu (Disguised Form)
70%
#685 Fairy Slurpuff
70%
#546 Grass/Fairy Cottonee
65%
#670 Fairy Floette (Blue Flower)
65%
#670 Fairy Floette (Orange Flower)
65%
#670 Fairy Floette (Red Flower)
65%
#670 Fairy Floette (White Flower)
65%
#670 Fairy Floette (Yellow Flower)
65%
#860 Dark/Fairy Morgrem
65%
#682 Fairy Spritzee
65%
#547 Grass/Fairy Whimsicott
65%
#888 Fairy/Steel Zacian (Crowned Sword)
65%
#888 Fairy Zacian (Hero of Many Battles)
65%
#493 Fairy Arceus (Pixie Plate)
61%
#801 Steel/Fairy Magearna
61%
#531 Normal/Fairy Mega Audino
61%
#801 Steel/Fairy Original Color Magearna
61%
#684 Fairy Swirlix
61%
#298 Normal/Fairy Azurill
57%
#755 Grass/Fairy Morelull
57%
#756 Grass/Fairy Shiinotic
57%
#764 Fairy Comfey
52%
#868 Fairy Milcery
52%
#869 Fairy Alcremie (All forms)
48%
#858 Psychic/Fairy Hatterene
48%
#773 Fairy Silvally (Fairy Memory)
48%
#078 Psychic/Fairy Galarian Rapidash
39%
No matching quizzes found
Score Distribution
Percent of People with Each Score
Percentile by Number Answered
Your Score History
You have not taken this quiz since the last reset